| 000 | 09476nam a22007817a 4500 | ||
|---|---|---|---|
| 005 | 20100518104511.0 | ||
| 008 | 100518t xxu||||| |||| 00| 0 hin d | ||
| 010 | _aHIN-89331 | ||
| 020 | _c170.00 | ||
| 035 | _aHN-61677 | ||
| 035 | _aB-416443-483 | ||
| 037 | _bDBAD / VEN | ||
| 037 | _bपेन्सी बुक्स/VEN | ||
| 040 |
_aDPL _bHN |
||
| 082 | _a000 | ||
| 245 |
_aआर.आर.बीः _bहल प्रश्न-पत्र |
||
| 246 |
_aR.R.B: _bHall Prashn-patr |
||
| 260 |
_aनोएडा _bक्रॉनिकल बुक्स _c2010 |
||
| 270 |
_aए-26, सेक्टर-2 _bनोएडा _e201301 |
||
| 300 |
_a260पृ _c24सेमी (अजिल्द) |
||
| 500 | _a50 सेट्स | ||
| 650 |
_aसामान्य ज्ञान _918498 |
||
| 650 |
_aGeneral knowlege _918499 |
||
| 942 |
_2ddc _cHN _mआरआ _h000 |
||
| 999 |
_c36160 _d36160 |
||